| 000 | 01261nam a22003134a 4500 | ||
|---|---|---|---|
| 001 | ebr10074962 | ||
| 003 | CaPaEBR | ||
| 006 | m u | ||
| 007 | cr cn||||||||| | ||
| 008 | 030509s2003 maua s 000 0 eng | ||
| 010 | _z 2003052938 | ||
| 020 | _z1402074867 (alk. paper) | ||
| 040 |
_aCaPaEBR _cCaPaEBR |
||
| 035 | _a(OCoLC)70753093 | ||
| 050 | 1 | 4 |
_aTK7874.66 _b.F47 2003eb |
| 082 | 0 | 4 |
_a621.39/732 _221 |
| 100 | 1 |
_aFerri, Giuseppe, _d1965- |
|
| 245 | 1 | 0 |
_aLow-voltage low-power CMOS current conveyors _h[electronic resource] / _cby Giuseppe Ferri and Nicola C. Guerrini. |
| 260 |
_aBoston : _bKluwer Academic Publishers, _cc2003. |
||
| 300 |
_aix, 193, xxvi p. : _bill. |
||
| 533 |
_aElectronic reproduction. _bPalo Alto, Calif. : _cebrary, _d2013. _nAvailable via World Wide Web. _nAccess may be limited to ebrary affiliated libraries. |
||
| 650 | 0 | _aLow voltage integrated circuits. | |
| 650 | 0 | _aDirect current amplifiers. | |
| 650 | 0 | _aMetal oxide semiconductors, Complementary. | |
| 655 | 7 |
_aElectronic books. _2local |
|
| 700 | 1 |
_aGuerrini, Nicola C. _q(Nicola Carlo) |
|
| 710 | 2 | _aebrary, Inc. | |
| 856 | 4 | 0 |
_uhttp://site.ebrary.com/lib/rucke/Doc?id=10074962 _zAn electronic book accessible through the World Wide Web; click to view |
| 999 |
_c45142 _d45142 |
||